Walking Dead Characters by Episode Count - Statistics

General Stats
  • This quiz has been taken 642 times
    429 since last reset
  • The average score is 20 of 32
Answer Stats
# Season Character % Correct
104 1 Rick Grimes
99%
148 1 Daryl Dixon
98%
125 1 Carol Peletier
97%
106 2 Maggie Rhee
95%
77 1 Carl Grimes
94%
67 1 Glenn Rhee
90%
64 6 Negan Smith
87%
92 3 Michonne Grimes
85%
33 2 Hershel Greene
82%
29 1 Lori Grimes
81%
94 4 Rosita Espinosa
80%
29 4 Abraham Ford
79%
85 4 Eugene Porter
78%
37 2 Beth Greene
75%
83 3 Judith Grimes
74%
31 1 Andrea Harrison
73%
45 3 Sasha Williams
70%
73 5 Gabriel Stokes
63%
56 4 Tara Chambler
63%
70 5 Aaron
61%
34 1 Morgan Jones
57%
49 7 Ezekiel Sutton
56%
36 5 Enid
47%
49 7 Jerry
41%
30 9 Yumiko Okumura
30%
30 9 Connie
29%
32 9 Lydia
29%
30 9 Magna
29%
34 9 Kelly
23%
27 8 Alden
21%
27 8 Siddiq
17%
32 7 Dianne
10%
No matching quizzes found
Score Distribution
Percent of People with Each Score
Percentile by Number Answered
Your Score History
You have not taken this quiz since the last reset